Trade facilitation in Bangladesh through simplification of business processes and procedures /

Detalles Bibliográficos
Autor principal: Hossain, Syed Saifuddin
Autor Corporativo: Centre for Policy Dialogue (Bangladesh)
Otros Autores: Rahman, Md. Tariqur
Formato: Libro
Lenguaje:English
Publicado: Dhaka : Centre for Policy Dialogue, 2011.
Colección:CPD research monograph ; 7
Materias:
Classic Catalogue: View this record in Classic Catalogue
LEADER 02107nam a2200421 a 4500
001 44212
003 BD-DhAAL
005 20250311113319.0
008 120405t2011 bg a bs 000 0 eng
010 |a  2012335327 
020 |a 9789848946077 
025 |a B-E-2012-335327; 22-92 
037 |b Library of Congress -- New Delhi Overseas Office 
040 |a DLC  |c DLC  |d DLC  |d BD-DhAAL 
042 |a lcode  |a pcc 
043 |a a-bg--- 
050 0 0 |a HF2330.6  |b .H57 2011 
082 |a 382.71095492 
100 1 |a Hossain, Syed Saifuddin.  |9 57896 
245 1 0 |a Trade facilitation in Bangladesh through simplification of business processes and procedures /  |c Syed Saifuddin Hossain, Md. Tariqur Rahman. 
260 |a Dhaka :  |b Centre for Policy Dialogue,  |c 2011. 
300 |a xv, 110 pages :  |b illustrations ;  |c 24 cm. 
490 0 |a CPD research monograph ;  |v 7 
500 |a Includes statistical tables. 
504 |a Includes bibliographical references (p. 42-43). 
541 |a Complimentary copy from The Centre for Policy Dialogue (CPD)  |e 44211, 44212 
650 0 |a Free trade  |z Bangladesh.  |9 48685 
650 0 |a Manufacturing industries  |x Employees  |x Supply and demand  |z Bangladesh.  |9 57897 
650 0 |a Foreign trade and employment  |z Bangladesh.  |9 57905 
651 0 |a Bangladesh  |x Commerce. 
651 0 |a Bangladesh  |x Economic policy. 
700 1 |a Rahman, Md. Tariqur.  |9 57898 
710 2 |a Centre for Policy Dialogue (Bangladesh) 
830 |a CPD research monograph ;  |v 7  |9 57893 
942 |2 ddc  |c BK 
999 |c 47255  |d 47255 
952 |0 0  |1 0  |2 ddc  |4 0  |6 382_710954920000000_HOS  |7 0  |9 77446  |a BRACUL  |b BRACUL  |c GEN  |d 2025-03-05  |e Complimentary copy from The Centre for Policy Dialogue (CPD)  |g 300.00  |l 0  |o 382.71095492 HOS  |p 3010044211  |r 2025-03-05  |t 1  |w 2025-03-05  |y BK  |x Complimentary copy from The Centre for Policy Dialogue (CPD) 
952 |0 0  |1 0  |2 ddc  |4 0  |6 382_710954920000000_HOS  |7 0  |9 77447  |a BRACUL  |b BRACUL  |c GEN  |d 2025-03-05  |e Complimentary copy from The Centre for Policy Dialogue (CPD)  |g 300.00  |l 0  |o 382.71095492 HOS  |p 3010044212  |r 2025-03-05  |t 2  |w 2025-03-05  |y BK  |x Complimentary copy from The Centre for Policy Dialogue (CPD)